00665nam a22001937a 450000500170000001000140001702000230003103500130005403700130006708200180008010000240009824501040012226000500022627000670027630000330034350000400037665000330041665000220044920100807134438.0 aENG-98878 a8189630121c175.00 aEN-82410 bDBAD/PUB a331.794095484 aThirunavukarasu, M. aEconomics of rural artisans :breference to Vellore district of Tamil Nadu /cby M. Thirunavukarasu aNew DelhibGlobal Research Publicationsc2008 a4800/24, 1st Floor, Ansari road, Darya GanjbNew Delhie110002 aviii,54p.:bill.c22cm (pbk) aIncludes bibliographical references aArtisans-economic conditions aIndia-Rayalaseema